000 00529nam a22001937a 4500
003 NUST - PNEC
005 20170116180755.0
008 150401b xxu||||| |||| 00| 0 eng d
020 _a0273600672
040 _cLIBRARY
082 _a658.154 Sec
100 _92001
_aSecrett, Malcolm;
245 _aMastering spreadsheet budgets and forecasts
_cSecrett, Malcolm;
250 _a-
260 _aU K
_bLondon
_cC 1993
300 _a215 . :
650 _92002
_aMastering spreadsheet budgets and forecasts
_xAS
942 _2ddc
_cBK
999 _c62701
_d62701